Score 0/26 Timer 06:00
0 Plays Today
% Correct
E.T.
97.3%
The Karate Kid
82.7%
Hook
81.8%
The Breakfast Club
78.2%
Star Wars
72.7%
Ghostbusters
71.8%
Avatar
65.5%
The Outsiders
64.5%
Stand by Me
64.5%
The Mighty Ducks
63.6%
Guardians of the Galaxy
61.8%
Pirates of the Caribbean
60.9%
The Princess Bride
56.4%
% Correct
Mystery Men
52.7%
Bill & Ted's Excellent Adventure
51.8%
Blade Runner
50.9%
Independence Day
50%
Space Jam
48.2%
Zombieland
47.3%
The Goonies
43.6%
Dazed and Confused
43.6%
Shaun Of The Dead
37.3%
Zoolander
36.4%
Almost Famous
30%
Scott Pilgrim
24.5%
Holes
22.7%
Come Together.
Have Fun.
All Virtual.
We all need to come together. Play Sporcle's virtual live trivia to have fun, connect with people, and get your trivia on. Join a live hosted trivia game for your favorite pub trivia experience done virtually. If a virtual private party is more your thing, go here for details.

You're not logged in!

Compare scores with friends on all Sporcle quizzes.
OR
Log In

Sporcle TV

Today on Sporcle TV


Watch our educational content, quiz creation guides, and fun videos on Sporcle TV.

Show Comments

Extras

Created Jan 7, 2016ReportNominate
Tags:Movie Characters Quiz

Top Quizzes Today


Score Distribution

Paid Content

Your Account Isn't Verified!

In order to create a playlist on Sporcle, you need to verify the email address you used during registration. Go to your Sporcle Settings to finish the process.

Report this User

Report this user for behavior that violates our Community Guidelines.

Details: